000 00675nam a2200289Ia 4500
005 20260324125730.0
008 008 260324s9999 xx 000 0 eng d
020 _a9781315787480
037 _aEBOOK
040 _aCRL
040 _beng
040 _cCRL
041 _2eng
041 _aeng
084 _qCRL
100 _aTerry Marks-Tarlow
_91179100
245 0 _aPsyche's Veil
245 0 _bPsychotherapy, Fractals and Complexity
260 _bTaylor and Francis
260 _c2008
365 _a
365 _b195
856 _uhttp://www.taylorfrancis.com/books/9781315787480
942 _cEBOOK
999 _c1774632
_d1774632